Effetto Cunningham : Merce Cunningham dance company /

সংরক্ষণ করুন:
গ্রন্থ-পঞ্জীর বিবরন
প্রধান লেখক: Cis, Lanfranco (লেখক)
অন্যান্য লেখক: Manfrini, Paolo
বিন্যাস: গ্রন্থ
ভাষা:ইতালিয়
প্রকাশিত: [S.l. : s.n., 2005?]
বিষয়গুলি:
ট্যাগগুলো: ট্যাগ যুক্ত করুন
কোনো ট্যাগ নেই, প্রথমজন হিসাবে ট্যাগ করুন!

MARC

LEADER 00000nam a22000007i 4500
001 IT\ICCU\UBO\3579479
003 ItRI
005 20260115232318.0
008 090220s2005 it |||||| ||||| |||||c
040 |b ita  |c importazione bologna sebina 
041 7 |a ita  |2 ISO-639-2 
082 |a 792.8092  |9 Balletto e danza moderna. Persone legate al soggetto  |2 19 
100 1 |a Cis, Lanfranco  |0 IT\ICCU\UBOV\307949  |4 aut 
245 1 0 |a Effetto Cunningham :  |b Merce Cunningham dance company /  |c [progetto artistico di Lanfranco Cis e Paolo Manfrini]. 
260 |a [S.l. :  |b s.n.,  |c 2005?] 
300 |a 1 v. :  |b in gran parte ill. ;  |c 28 cm 
500 |a Tit. della cop 
500 |a Senza paginazione. 
650 7 |a CUNNINGHAM, MERCE  |2 scbi 
700 1 |a Manfrini, Paolo  |0 IT\ICCU\SBLV\015918 
942 |2 ddc  |c BK  |n 0 
952 |0 0  |1 0  |4 0  |6 DOC_792_809000000000000_CUN  |7 0  |9 24006  |a BO  |b BO  |d 2026-01-15  |i 8707  |l 0  |o DOC 792.809 CUN  |p BO8707  |r 2026-01-15 23:23:18  |w 2026-01-15  |x [Sebina 7] [1 v.]  |y BK  |z 1 v. 
999 |c 20439  |d 20439